Prikladnaja obščaja teorija sistem. 1 = Applied general systems theory

Gespeichert in:
Bibliographische Detailangaben
1. Verfasser: Gigch, John P. (Verfasst von)
Format: Buch
Sprache:Russisch
Veröffentlicht: Moskva : Mir, 1981
Tags: Tag hinzufügen
Keine Tags, Fügen Sie das erste Tag hinzu!

MARC

LEADER 00000nam a22000003a 4500
001 stu89162
005 20150617225614.2
008 040722s1981------------------------rus-d
040 |a STU  |b slo 
041 0 |a rus 
080 |a 577.4 
100 1 |a Gigch, John P.  |4 aut 
245 1 |a Prikladnaja obščaja teorija sistem. 1 = Applied general systems theory 
260 |a Moskva :  |b Mir,  |c 1981 
300 |a 335 s 
996 |b E49581  |c E*49581  |l EE03  |s P  |a 0  |w stu89162_0001